[Event "Petrovac op"]
[Site "Petrovac"]
[Date "2015.05.11"]
[Round "5"]
[White "Stanojevic, Branko"]
[Black "Blagojevic, Tijana"]
[Result "0-1"]
[WhiteElo "2228"]
[BlackElo "2300"]
[PlyCount "74"]
[EventDate "2015.05.08"]
[EventType "swiss"]
[EventRounds "9"]
[EventCountry "MNE"]
[SourceTitle "CBM 166 Extra"]
[Source "ChessBase"]
[SourceDate "2015.06.18"]
[SourceVersion "1"]
[SourceVersionDate "2015.06.18"]
[SourceQuality "1"]

1. Nf3 d5 2. g3 c6 3. Bg2 Bg4 4. d3 e6 5. h3 Bh5 6. Nbd2 Bd6 7. c4 Ne7 8. Qc2 e5 9. e4 dxe4 10. Nxe4 Bxf3 11. Bxf3 Nf5 12. Nxd6+ Qxd6 13. Be3 Na6 14. 0-0-0 Nc5 15. Qc3 Ne6 16. c5 Qc7 17. Bg4 Nfd4 18. Rhe1 0-0 19. f4 Rfd8 20. fxe5 Rd5 21. Bxe6 Nxe6 22. Bf2 b6 23. cxb6 axb6 24. Kb1 c5 25. h4 Qd7 26. Re2 Rxa2 27. Qb3 Ra8 28. Red2 b5 29. Qc3 Ra4 30. b3 Ra3 31. Ra2 b4 32. Qc4 Rxa2 33. Kxa2 Rxe5 34. Rd2 Nd4 35. Qa6 Nb5 36. Qb6 c4 37. bxc4 Nc3+ 0-1

[Event "Petrovac op"]
[Site "Petrovac"]
[Date "2015.05.10"]
[Round "4"]
[White "Sale, Srdjan"]
[Black "Stanojevic, Branko"]
[Result "1-0"]
[WhiteElo "2395"]
[BlackElo "2228"]
[PlyCount "87"]
[EventDate "2015.05.08"]
[EventType "swiss"]
[EventRounds "9"]
[EventCountry "MNE"]
[SourceTitle "CBM 166 Extra"]
[Source "ChessBase"]
[SourceDate "2015.06.18"]
[SourceVersion "1"]
[SourceVersionDate "2015.06.18"]
[SourceQuality "1"]

1. e4 e6 2. d3 g6 3. Nf3 Bg7 4. g3 c5 5. Bg2 Nc6 6. 0-0 Nge7 7. c3 e5 8. Be3 d6 9. d4 b6 10. dxe5 dxe5 11. Qe2 0-0 12. Rd1 Qc7 13. Na3 a6 14. b4 cxb4 15. cxb4 Bg4 16. Rac1 b5 17. Bc5 Qb7 18. Nc2 Rfd8 19. Ne3 Bxf3 20. Bxf3 Rac8 21. Nd5 Nxd5 22. exd5 Nd4 23. Bxd4 exd4 24. Rc6 Rxc6 25. dxc6 Qc7 26. a3 h5 27. h4 Bf6 28. Rd3 Kg7 29. Kg2 Kf8 30. Qc2 Qd6 31. Be4 Be5 32. Rf3 Kg7 33. Rd3 Re8 34. Bf3 Rd8 35. Qa2 Kf6 36. Be4 Kg7 37. Qb3 f5 38. Bf3 Kf6 39. Qc2 Qe6 40. Qc1 Kg7 41. Qc5 Kf6 42. Qb6 Ra8 43. Qb7 Qc8 44. c7 1-0

[Event "Vojvodina-chT"]
[Site "Kac"]
[Date "2014.11.15"]
[Round "11.3"]
[White "Banovic, Ivan"]
[Black "Stanojevic, Branko"]
[Result "1/2-1/2"]
[WhiteElo "2226"]
[BlackElo "2247"]
[PlyCount "51"]
[EventDate "2014.11.08"]
[EventType "team-tourn"]
[EventRounds "11"]
[EventCountry "SRB"]
[SourceTitle "EXT 2017"]
[Source "ChessBase"]
[SourceDate "2016.10.25"]
[SourceVersion "1"]
[SourceVersionDate "2016.10.25"]
[SourceQuality "1"]

1. d4 Nf6 2. c4 e6 3. Nc3 Bb4 4. Qc2 0-0 5. e4 d5 6. e5 Ne4 7. Bd3 c5 8. Nf3 cxd4 9. Nxd4 Nd7 10. Bf4 Ndc5 11. 0-0 Nxd3 12. Qxd3 Bxc3 13. bxc3 b6 14. cxd5 exd5 15. Rfd1 Bg4 16. f3 Nc5 17. Qd2 Bd7 18. Bg5 Qe8 19. Re1 Rc8 20. Bf6 h6 21. Qf4 Kh7 22. Nf5 Bxf5 23. Qxf5+ Kh8 24. Qh5 Kh7 25. Qf5+ Kh8 26. Qh5 1/2-1/2

[Event "Vojvodina-chT"]
[Site "Kac"]
[Date "2014.11.11"]
[Round "6.2"]
[White "Ratkovic, Milovan"]
[Black "Stanojevic, Branko"]
[Result "1-0"]
[WhiteElo "2332"]
[BlackElo "2247"]
[PlyCount "63"]
[EventDate "2014.11.08"]
[EventType "team-tourn"]
[EventRounds "11"]
[EventCountry "SRB"]
[SourceTitle "EXT 2017"]
[Source "ChessBase"]
[SourceDate "2016.10.25"]
[SourceVersion "1"]
[SourceVersionDate "2016.10.25"]
[SourceQuality "1"]

1. d4 Nf6 2. c4 c5 3. d5 d6 4. Nc3 g6 5. e4 Bg7 6. h3 0-0 7. Nf3 e6 8. Bd3 a6 9. a4 b6 10. 0-0 Ra7 11. Be3 h6 12. Qd2 Kh7 13. Rab1 a5 14. Nb5 Ra8 15. Nxd6 Qxd6 16. e5 Qd8 17. exf6 Qxf6 18. Bf4 exd5 19. Be5 Qd8 20. cxd5 Nd7 21. Bxg7 Kxg7 22. Rbd1 Ba6 23. Bxa6 Rxa6 24. Rfe1 Ra8 25. d6 Qf6 26. Re7 Rad8 27. Qe2 c4 28. Qxc4 Qxb2 29. Nd4 Nc5 30. d7 Rxd7 31. Ne6+ Kg8 32. Rdxd7 1-0